1116 1194 1946 1927 1443 1960 1568 1292 1484 1501 1404 1595 1620 1561 1247 1043 1697 1833 1954 1128 1605 1611 1763 1816 1593 1173 1415 1822 1770 1439 1330 1379 1722 1669 1971 1072 1885 1750 1587 1895 1882 1176 1837 1331 1381 1622 1253 1738 1212 1651 1203 1760 1405 1735 1074 1171 1697 1252 1346 1139 1353 1438 1762 1582 1583 1157 1956 1874 1426 1353 1238 1455 1872 1469 1291 1945 1370 1251 1559 1106 1066 1929 1180 1382 1411 1105 1259 1585 1269 1348 1664 1204 1676 1165 1289 1378 1535 1377 1108 BCNSPRNW ULIB Ver.6.0+V

เปลี่ยนเป็นภาษาไทย

Change to English
 แสดงรายละเอียดบรรณานุกรม
  กลับหน้าหลัก

Brief Record : Get Marc (ISO 2709) : E-mail record : QR code < ปิดหน้าต่าง
LEADER : 00000nam 2200000uu 4500
001    13399114008
003     ULIB
008    120125s2536||||th 000 0 tha d
020    ^a9745832391
050  4 ^aQD31.2^bส975ค 2536
100 0  ^aโสภณ เริงสำราญ
245 10 ^aเคมีทั่วไป :^bสำหรับนักศึกษาวิทยาศาสตร์ชีวภาพและพยาบาล /
250    ^aพิมพ์ครั้งที่ 2
260    ^aกรุงเทพฯ :^bโรงพิมพ์จุฬาลงกรณ์มหาวิทยาลัย,^c2536
300    ^a361 หน้า
591    ^aLIRV มีปี 2535, 2536, 2543
650  4 ^aเคมี
945    ^p0^l0^i13771
999 ^a ใช้งานได้ทุกระบบ
รายการนี้ยังไม่มีแท็ก
คุณยังไม่ได้ล็อกอิน คุณสามารถมีกิจกรรมร่วมกับเว็บไซต์ได้ แต่ต้องล็อกอินก่อน ::
  ล็อกอิน

รายการสื่อสารสนเทศ

ลำดับที่ ประเภท เลขเรียก/บาร์โค้ด สถานที่ สถานะ
- ไม่พบข้อมูล -

รายการใกล้เคียง
    หัวเรื่อง [เคมี]

BibComment


ยังไม่เคยถูกคอมเมนท์

คอมเมนท์ทรัพยากรรายการนี้
  คอมเมนท์: เคมีทั่วไป สำหร..


 Copyright 2026. Bcnsprnw @Library